000 00839nas a2200253 4500
001 BR2012009542
003 BR-BrBNA
005 20231205121625.0
007 ta
008 230509b bl.|||p| |||| 00| 00por d
040 _aBR-BrBNA
_bpor
_cBiblioteca Nacional de Agricultura
041 _a(Pt)
072 _aF60
100 1 _aKikuchi, T.Y.P.
100 1 _aPotiguara, R.C. de V.
100 1 _aSantos, P.P. dos
245 1 _aCaracterização histoquímica e ultra-estrutural do estipe de Socratea exorrhiza (Mart.)H. wendl. (Arecaceae)
650 _aAMIDO
650 _aHISTOQUÍMICA
650 _aAMAZÔNIA
773 0 _tBoletim do Museu Paraense Emílio Goeldi. Ciências Naturais (Brazil)
_xISSN 1981-8114
_g(May-Aug 2007), v. 2(2) p. 61-68
_wBR2012009542
909 _a202311
_bLúcia
_c55
_dLúcia Elande
942 _2AGRIS
_n0
_cANA
999 _c224435
_d224435